Essentials of Organizational Behavior (Record no. 6752)

MARC details
005 - DATE AND TIME OF LATEST TRANSACTION
control field 20250716161602.0
020 ## - INTERNATIONAL STANDARD BOOK NUMBER
International Standard Book Number 978-0-273-75266-9
082 ## - DEWEY DECIMAL CLASSIFICATION NUMBER
Classification number 658.3 ROB
100 ## - MAIN ENTRY--PERSONAL NAME
Author name ROBBINS, P . S
245 ## - TITLE STATEMENT
Title Essentials of Organizational Behavior
250 ## - EDITION STATEMENT
Edition statement 11th Ed.
260 ## - PUBLICATION, DISTRIBUTION, ETC.
Place of publication, distribution, etc. Boston
Name of publisher, distributor, etc. PEarson Educational Limited
Date of publication, distribution, etc. 2012.
300 ## - PHYSICAL DESCRIPTION
Extent 334p.: ill.; figures
Other physical details Index, References
Dimensions 23cm
700 ## - ADDED ENTRY--PERSONAL NAME
Other authors/Editors Timothy A, Judge
942 ## - ADDED ENTRY ELEMENTS (KOHA)
Source of classification or shelving scheme Dewey Decimal Classification
Koha item type Books
Holdings
Date last seen Total checkouts Full call number Barcode Cost, replacement price Price effective from Koha item type Lost status Source of classification or shelving scheme Damaged status Not for loan Withdrawn status Home library Current library Shelving location Date acquired Source of acquisition Cost, normal purchase price
07/16/2025   658.3 ROB MZA0003409 150000.00 07/16/2025 Books   Dewey Decimal Classification       CBE Mwanza CBE Mwanza General Collection 06/27/2025 Donation from NBAA 50000.00
07/16/2025   658.3 ROB MZA0003410 150000.00 07/16/2025 Books   Dewey Decimal Classification       CBE Mwanza CBE Mwanza General Collection 06/27/2025 Donation from NBAA 50000.00